Porovnanie hliníkovej a recyklovanej hliníkovej zliatiny na odliatky
Guardado en:
| Autor principal: | |
|---|---|
| Otros Autores: | |
| Formato: | Manuscrito Libro |
| Lenguaje: | eslovaco |
| Publicado: |
2025
|
| Materias: | |
| Acceso en línea: | http://is.stuba.sk/zp/portal_zp.pl?podrobnosti=176213 |
| Etiquetas: |
Sin Etiquetas, Sea el primero en etiquetar este registro!
|
MARC
| LEADER | 00000ntm a22000003a 4500 | ||
|---|---|---|---|
| 001 | stuzp104581 | ||
| 003 | SK-STU | ||
| 005 | 20250628211805.2 | ||
| 007 | ta | ||
| 008 | 150427s2015----xo-----f-mn---000-0-slo-d | ||
| 040 | |a STU |b slo | ||
| 041 | 0 | |a slo | |
| 100 | 1 | |a Petkanič, Zoran |u 042120 |4 aut |U FCHPT Ústav anorganickej chémie, technológie a materiálov |T FCHPT Oddelenie anorganickej technológie |X 121519 |U C2120 |Y 111 |7 121519 | |
| 242 | 0 | 1 | |a Comparison of aluminum and recycled aluminum alloy for castings |y eng |
| 245 | 1 | 0 | |a Porovnanie hliníkovej a recyklovanej hliníkovej zliatiny na odliatky |
| 260 | |c 2025 | ||
| 650 | 4 | |a anodická oxidácia hliníka |2 slo | |
| 650 | 4 | |a zliatiny hliníka |2 slo | |
| 650 | 4 | |a EDX analýza |2 slo | |
| 650 | 4 | |a OCP |2 slo | |
| 650 | 4 | |a parameter L*a*b* |2 slo | |
| 650 | 4 | |a anodic oxidation |2 eng | |
| 650 | 4 | |a aluminum alloys |2 eng | |
| 650 | 4 | |a OCP |2 eng | |
| 650 | 4 | |a EDX analysis |2 eng | |
| 650 | 4 | |a L*a*b* |2 eng | |
| 700 | 1 | |a Zemanová, Matilda |u 042120 |k Z1 |4 ths |U FCHPT Ústav anorganickej chémie, technológie a materiálov |T FCHPT Oddelenie anorganickej technológie |X 3885 |U C2120 |Y 111 |7 A000003885 | |
| 856 | 4 | |u http://is.stuba.sk/zp/portal_zp.pl?podrobnosti=176213 | |